000 00455nam a2200193Ia 4500
008 170705s9999 xx 000 0 und d
020 _a9780439204217
245 4 _aThe great shark escape /
245 _cJennifer Johnston.
260 _aNew York :
260 _bScholastic,
260 _c2000
300 _a85 pages :
300 _bcolor illustration ;
300 _c19cm.
440 _aThe magic school bus ;
440 _v7
500 _a510
999 _c335923
_d335923